Time-varying network optimization
محفوظ في:
| المؤلفون الرئيسيون: | , , |
|---|---|
| التنسيق: | كتاب |
| اللغة: | الإنجليزية |
| منشور في: |
Nueva York
Springer
2007
|
| سلاسل: | International Series in Operations Research and Management Science
|
| الموضوعات: | |
| الوسوم: |
إضافة وسم
لا توجد وسوم, كن أول من يضع وسما على هذه التسجيلة!
|
MARC
| LEADER | 00000nam a2200000 a 4500 | ||
|---|---|---|---|
| 001 | UCI2597 | ||
| 003 | CL-VaPUC | ||
| 008 | 070831e20070000US |||||||||||||||||eng|d | ||
| 020 | |a 9780387712147 | ||
| 082 | 0 | 4 | |a 658.5421 |b CAI |2 21 |
| 100 | 0 | |a Cai, Xiaoqiang |e author |9 523641 | |
| 700 | 0 | |a Sha, Dan |e author |9 523642 | |
| 700 | 0 | |a Wong, C. K |e author |9 523643 | |
| 245 | 1 | 0 | |a Time-varying network optimization |
| 300 | |a 223 p | ||
| 942 | |c BK | ||
| 945 | |d 20070831 00:00:00 |a rbrito | ||
| 260 | |a Nueva York |b Springer |c 2007 | ||
| 650 | 0 | |a Tiempo |9 267892 | |
| 650 | 0 | |a Optimización |9 339671 | |
| 650 | 7 | |a ESTUDIO DE TIEMPO Y MOVIMIENTOS |2 CL-VaPUC |9 523644 | |
| 650 | 0 | |a Investigación operativa |9 259383 | |
| 650 | 0 | |a Control de calidad |9 259714 | |
| 650 | 7 | |a PLANIFICACION |2 CL-VaPUC |9 260802 | |
| 650 | 7 | |a GESTION DE PROYECTO |2 CL-VaPUC |9 523645 | |
| 650 | 7 | |a RENDIMIENTO |2 CL-VaPUC |9 260872 | |
| 583 | |a last modification |c 20070831 00:00:00 |k Rodrigo Vera | ||
| 490 | 0 | |a International Series in Operations Research and Management Science | |
| 999 | |c 327086 |d 327084 | ||
| 952 | |0 0 |1 0 |4 0 |6 658_542100000000000_CAI_2007 |7 0 |8 A |9 409502 |a BIBING |b BIBING |d 2019-11-22 |i 4368452 |o 658.5421 CAI 2007 |p 4368452 |r 2025-01-20 |w 2019-11-22 |y BK |k EII | ||